| 000 | 01217nam a2200301 a 4500 | ||
|---|---|---|---|
| 999 |
_c19493 _d19493 |
||
| 001 | 4782699 | ||
| 003 | BDDh-ASL | ||
| 005 | 20231015025802.0 | ||
| 008 | 861224s1980 enkab b 100 0 eng c | ||
| 010 | _a 86673992 | ||
| 020 | _a0391011294 (Humanities) | ||
| 040 |
_aMH _cMH _dBDDh-ASL |
||
| 043 | _aa------ | ||
| 050 | 1 | 4 |
_aHT147.S64 _bC57x 1980 |
| 082 |
_a954 _bBAC |
||
| 245 | 0 | 4 |
_aThe City in South Asia : _bpre-modern and modern / _cedited by Kenneth Ballhatchet and John Harrison. |
| 260 |
_aLondon : _bCurzon Press ; _aAtlantic Highlands, NJ, USA : _bHumanities Press, _c1980. |
||
| 300 |
_axiii, 342 p. : _bill., maps ; _c23 cm. |
||
| 440 | 0 |
_aCollected papers on South Asia, _x0141-0156 ; _vno. 3 |
|
| 500 | _a"Selection of papers presented to an inter-disciplinary seminar which has been meeting at SOAS, under the auspices of the Centre of South Asian Studies, since 1975"--P. ix. | ||
| 504 | _aIncludes bibliographies. | ||
| 650 | 0 |
_aCities and towns _zSouth Asia _xCongresses. |
|
| 700 | 1 | _aBallhatchet, Kenneth. | |
| 700 | 1 |
_aHarrison, John, _d1919- |
|
| 710 | 2 |
_aUniversity of London. _bCentre of South Asian Studies. |
|
| 906 |
_a7 _bcbc _corignew _du _encip _f19 _gy-gencatlg |
||
| 942 |
_2ddc _cBK |
||